000 01131nam a2200193 4500
005 20260212110729.0
008 260204b |||||||| |||| 00| 0 eng d
020 _a9781800922136
041 _aEnglish
082 _a746.1
_bWOL
100 _aWolff Aurelia
_9216599
245 _aBotanical Dyes: A Seasonal Guide to Sustainable Dyeing
260 _bSearch Press
_c2014
300 _a182
365 _b1302.63
_cRs,00
520 _aINTRODUCTION TO BOTANICAL DYEING What Is Botanical Dyeing? • Traditional Methods • Natural Dyeing: A Call To Action • Classification Of Dyes • The Dyeing Process • Natural Fibres • Mordanting • The Different Techniques • In The Dyer’s Workshop SEASONAL DYEING: RECIPES & INSPIRATION SPRING – Walnut, Rhubarb, Dyer’s woad, Artichoke SUMMER - Weld, Cosmos, Madder, Wild carrot AUTUMN - Oak, St John’s wort, Elderberry, Broad-leaved dock WINTER - Chestnut, Onion, Avocado, Turmeric OUT OF SEASON & OTHER LATITUDES - Cutch, Logwood • Appendices • Glossary • Useful Addresses • Where To Find The Plants
650 _aDyeing
942 _cBK
999 _c370313
_d370313